000 00719nam a2200205Ia 4500
008 191130s1999##################000#0#eng##
020 _a9780521427210
040 _aACL
_cACL
082 _a320.01 ANS
100 _aAnsell-Pearson, Keith
245 _aAn introduction to Nietzsche as political thinker : the perfect nihilist
_cKeith Ansell-Pearson
260 _aCambridge
_bCambridge Univeristy Press
_c1999
300 _axix, 243 p. ; 23 cm
500 _aIncludes bibliographical references (p. 225-239) and indexes
650 _aNietzsche, Friedrich Wilhelm, 1844-1900 - Political and social views
650 _aNihilism
990 _a80ca2cddac10000c15ade00032aa2b0a
991 _a194657
999 _c368972
_d368972